Statistics for Australian States and Territories Flag Quiz

Click here to take the quiz!

General Stats

  • This quiz has been taken 528 times
  • The average score is 7 of 8

Answer Stats

State or Territory% Correct
New South Wales
95%
Tasmania
95%
Queensland
94%
Western Australia
94%
Northern Territory
91%
South Australia
91%
Victoria
91%
Australian Capital Territory
86%

Score Distribution

Percentile by Number Answered

Percent of People with Each Score

Your Score History

You have not taken this quiz